LDR 00700naa#a2200193#i#450# 001 EN\\bibl\102933 005 20260705122031.7 011 ## _a2542-1840 100 ## _a20260630b2026####ek#y0engy0150####ca 102 ## _aRU 200 1# _aAssessing the Educational Potential of School Environment _eJournal article 210 1# _aKemerovo _cKemerovo State University _d2026 215 ## _a10 с. 608 ## _aJournal article _2local 675 ## _aЭкспериментальная педагогика. 37.013.75 _aПсихологическая педагогика. 37.013.77 _z 700 #1 _aGani _gSvetlana Vyacheslavovna 700 #1 _aBrel _gElena Yur'evna 700 #1 _aMayorov _gValeriy Sergeevich 856 4# _amoloprom.kemsu.ru _u